Case Studies in Hemostasis. (Record no. 3001)

MARC details
000 -LEADER
fixed length control field 00514nam a22001937a 4500
003 - CONTROL NUMBER IDENTIFIER
control field OSt
005 - DATE AND TIME OF LATEST TRANSACTION
control field 20160209143853.0
008 - FIXED-LENGTH DATA ELEMENTS--GENERAL INFORMATION
fixed length control field 160209b xxu||||| |||| 00| 0 eng d
020 ## - INTERNATIONAL STANDARD BOOK NUMBER
International Standard Book Number 9789814575119
040 ## - CATALOGING SOURCE
Transcribing agency DDC.
082 ## - DEWEY DECIMAL CLASSIFICATION NUMBER
Classification number 616.157ROD 2000.
100 ## - MAIN ENTRY--PERSONAL NAME
Personal name Rodgers.M.George;
9 (RLIN) 6743
245 ## - TITLE STATEMENT
Title Case Studies in Hemostasis.
260 ## - PUBLICATION, DISTRIBUTION, ETC. (IMPRINT)
Place of publication, distribution, etc. Chicago.
Name of publisher, distributor, etc. Joshua,Weikersheimer.
Date of publication, distribution, etc. 2000.
300 ## - PHYSICAL DESCRIPTION
Extent xv,175p;
Other physical details ill;
Dimensions 30cm
504 ## - BIBLIOGRAPHY, ETC. NOTE
Bibliography, etc includes Appendix and Index.
650 ## - SUBJECT ADDED ENTRY--TOPICAL TERM
Topical term or geographic name as entry element Medical.
9 (RLIN) 6393
942 ## - ADDED ENTRY ELEMENTS (KOHA)
Source of classification or shelving scheme Dewey Decimal Classification
Koha item type Short Loan
Holdings
Withdrawn status Lost status Source of classification or shelving scheme Damaged status Not for loan Home library Current library Date acquired Source of acquisition Inventory number Total Checkouts Full call number Barcode Date last seen Price effective from Koha item type
    Dewey Decimal Classification     MUST Main Library MUST Main Library 09/02/2016   03/19661   616.157ROD 2000. 2016-0132 09/02/2016 09/02/2016 Short Loan
    Dewey Decimal Classification     MUST Main Library MUST Main Library 16/06/2016   2004/21806   616.157ROD 2000. 2016-2522 16/06/2016 16/06/2016 Open Shelf
    Other/Generic Classification Scheme     MUST Main Library MUST Main Library 05/07/2016   04/21807   616.157ROD 2000. 2016-3013 05/07/2016 05/07/2016 Open Shelf